000 nam a22 7a 4500
999 _c30093
_d30092
003 OSt
005 20171113121730.0
008 171113b xxu||||| |||| 00| 0 eng d
020 _a9781259069604
040 _aMMU
_beng
_cMMU
_dMMU
050 _aHF5415.32 .C66 2012
245 _aConsumer behaviour /
260 _aToronto :
_bMcGraw-Hill,
_c2012
300 _a347 p.:
_bill.;
650 _aConsumer Behaviour
942 _2lcc
_cLOAN LOAN